000 00835nam a22002057a 4500
999 _c8388
_d8388
003 AR-CdUCM
008 190325b ||||| |||| 00| 0 spa d
040 _aMUNICIPALIDAD PROVINCIAL DEL CUSCO
_cBIBLIOTECA MUNICIPAL DEL CUSCO
082 _a611 /
_bA58
100 _aLewis, Annison
_923543
245 _aEl Metabolismo en el Rumen /
260 _aMéxico ;
_bUnion Tipografica Editorial Hispanica Americana ,
_c1966.
300 _a200 páginas ;
_c17.5 cm.
505 _aContenido : Itroduccion -- Microbiologia del Rumen -- Metabolismo de los carbohidratos y de los acidos grasos volatiles -- Metabolismo del nitrogeno -- Absorcion en el Rumen -- Funciones y disfunciones del rumen...
650 _aMetabolismo Humano
_923544
650 _aBiologia
_9881
650 _aMedicina Humana
_922092
942 _2ddc
_cLIBROS
945 _artm